01693nam a2200385Ia 4500001001200000003000800012006001900020007001500039008004100054040002100095035002100116050002700137245013400164246008200298246007300380260006000453300002500513490005600538500002200594504004100616533015200657600003700809650004000846650004300886650004400929650002700973655002901000700001901029710001601048710003301064710002201097710001701119830004501136856012601181ebr10348707CaPaEBRm u cr cn|||||||||100924s2009 dcuac sb i000 0 eng d aCaPaEBRcCaPaEBR a(OCoLC)68773841014aHG3881b.F85463 2009eb00aFinance and development.nVolume 46, no. 3,pWhere do we go from here?h[electronic resource] /c[Jeremy Clift, editor-in-chief].3 aF&D :bFinance and development.nVolume 46, no. 3,pWhere do we go from here?3 aFinance & development.nVolume 46, no. 3,pWhere do we go from here? aWashington, D.C. :bInternational Monetary Fund,c2009. a57 p. :bill., port.1 aFinance and development,x0015-1947 ;vv. 46, no. 3 a"September 2009". aIncludes bibliographical references. aElectronic reproduction.bPalo Alto, Calif. :cebrary,d2013.nAvailable via World Wide Web.nAccess may be limited to ebrary affiliated libraries.10aBlanchard, Olivierq(Olivier J.) 0aGlobal Financial Crisis, 2008-2009. 0aCredit controlxHistoryy21st century. 0aStructural adjustment (Economic policy) 0aInternational finance. 7aElectronic books.2local1 aClift, Jeremy.2 aWorld Bank.2 aInternational Monetary Fund.2 aWorld Bank Group.2 aebrary, Inc. 0aFinance and development ;vv. 46, no. 3.40uhttp://site.ebrary.com/lib/rucke/Doc?id=10348707zAn electronic book accessible through the World Wide Web; click to view